| 000 | 00361nam a2200145 a 4500 | ||
|---|---|---|---|
| 005 | 20140412111325.0 | ||
| 008 | 110128s19uu xx 00 eng d | ||
| 020 | _a0-7214-1791-4 | ||
| 050 |
_aM 612 _bA361 1995 |
||
| 100 | _aAlderton, David | ||
| 245 |
_aThe Body. / _cDavid Alderton. |
||
| 260 |
_aUK : _bLadybird, _c1995. |
||
| 300 | _a38p. | ||
| 999 |
_c104601 _d104601 |
||